แสดงรายละเอียดบรรณานุกรม
  กลับหน้าหลัก

Brief Record : Get Marc (ISO 2709) : E-mail record : QR code ปิดหน้าต่าง
LEADER 00000nam 2200000uu 4500
001    213129
003     ULIBM
008    020711s2563 th a 000 0 tha d
041    ^atha^beng
090    วจ WY157 ศ722ภ 2563
100    ศุภวดี แถวเพีย...[และคนอื่นๆ]
245    รายงานวิจัยเรื่อง ภาวะสุขภาพในมารดาหลังคลอดวัยรุ่นไทย=^bHealth consequences of thai adolescent mothers in postpartum period/^cศุภวดี แถวเพีย, จิราพร วรวงค์, ศุภวดี สืบศรีสุข, ฉวีวรรณ ศรีดาวเรือง, ปัฐวิภา ญาณประเสริฐ
246 31 ^aHealth Consequences of Thai Adolescent Mothers in Postpartum Period
260    ขอนแก่น :^bวิทยาลัยพยาบาลบรมราชชนนี ขอนแก่น คณะพยาบาลศาสตร์ สถาบันพระบรมราชชนก,^c2563
300    68 หน้า :^bภาพประกอบ ;^c30 ซม.
650  4 มารดาหลังคลอด^xในวัยรุ่น
650  4 ^aระยะหลังคลอด^xการดูแล
650  4 ^aภาวะสุขภาพ
650  4 ^aวิจัย
700 0  ^aจิราพร วรวงค์
700 0  ^aศุภวดี สืบศรีสุข
700 0  ^aฉวีวรรณ ศรีดาวเรือง
700 0  ^aปัฐวิภา ญาณประเสริฐ
710 2  ^aสถาบันพระบรมราชชนก. คณะพยาบาลศาสตร์. วิทยาลัยพยาบาลบรมราชชนนี ขอนแก่น
999    ^aใช้งานได้ทุกระบบ
รายการนี้ยังไม่มีแท็ก
คุณยังไม่ได้ล็อกอิน คุณสามารถมีกิจกรรมร่วมกับเว็บไซต์ได้ แต่ต้องล็อกอินก่อน ::
  ล็อกอิน
ลำดับที่ ประเภท เลขเรียก สถานที่ สถานะ
1. งานวิจัย
งานวิจัย
วจ WY157 ศ722ภ 2563  
  
ชั้นหนังสือวิจัย On Shelf
  ขอยืม
   [แสดง 1/1 รายการ]

รายการใกล้เคียง
    ผู้แต่ง [ศุภวดี แถวเพีย...[และคนอื่นๆ]]

    หัวเรื่อง [ภาวะสุขภาพ]
    หัวเรื่อง [วิจัย]

BibComment


ยังไม่เคยถูกคอมเมนท์

คอมเมนท์ทรัพยากรรายการนี้
  คอมเมนท์: รายงานวิจัยเรื่อง..
Bib 213129

 
 
 

 Union Library Management : ULibM
Copyright 2026. All Rights Reserved.
скачать бесплатно без регистрации порно красивый секс HD Sex Hindi sex

xxx gou

xxxx

bfxxx

xxxwww

Секса Видео

xxxx

Секса Видео

detube

geilexxx

C99 Shell

worms shell

blod xxx video
Ebony Coed Rihanna Rimes Takes A Dick In Her Young Twat priyaa indian fuck anal and pusssy hardcore indian women xxx desi hardcore fucking part 1 bengalixxxcouple